| 000 | 01065nam a2200241Ia 4500 | ||
|---|---|---|---|
| 003 | GCL | ||
| 005 | 20240530102940.0 | ||
| 008 | 140319s9999 xx 000 0 ara d | ||
| 040 |
_aGCL / _cGCL |
||
| 082 | 0 | 4 |
_a810.9 _bم ت |
| 100 | 0 | _aمحمد سعيد العريان | |
| 245 | 1 | 0 |
_aتحت راية القران : _bالمعركة بين القديم والجديد : مقالات للادب العربى فى الجامعة والرد على كتاب فى الشعر الجاهلى للدكتور طه حسين واسقاط البدعة الجديدة التى يريد دعاتها تجديد الدين / _cمحمد سعيد العريان |
| 260 |
_a[S.N] : _bدار الكتاب العربى ، _c1983 |
||
| 300 | _a412 ص | ||
| 490 |
_aمجموعة مصطفى صادق الرافعى _v0 |
||
| 650 | 0 | 4 | _aالادب العربى |
| 650 | 0 | 4 | _aالشعر الجاهلى |
| 650 | 0 | 4 | _aالمقالات العربية |
| 650 | 0 | 4 | _aطه حسين |
| 650 | 0 | 4 | _aتاريخ ونقد |
| 700 | 1 | _aمصطفى صادق الرافعى | |
| 942 |
_2ddc _cBK |
||
| 999 |
_c35610 _d35610 |
||